Gramática española : (Record no. 26384)

MARC details
000 -CABECERA
campo de control de longitud fija 00575nam a2200193 a 4500
005 - FECHA Y HORA DE LA ÚLTIMA TRANSACCIÓN
campo de control 20240601063756.0
008 - ELEMENTOS DE LONGITUD FIJA--INFORMACIÓN GENERAL
campo de control de longitud fija 991125n19 [me 000 0 spa u
035 ## - NÚMERO DE CONTROL DEL SISTEMA
Número de control de sistema UPN01000026384
049 ## - COLECCIÓN
Colección LT
050 #4 - SIGNATURA TOPOGRÁFICA DE LA BIBLIOTECA DEL CONGRESO
Número de clasificación LB1577 M6.2
Número de documento/Ítem M3.3a
100 1# - ASIENTO PRINCIPAL--NOMBRE PERSONAL
Nombre de persona Marín, Emilio
9 (RLIN) 29130
245 10 - MENCIÓN DE TÍTULO
Título Gramática española :
Resto del título primer libro /
Mención de responsabilidad, etc. Emilio Marín
260 ## - PUBLICACIÓN, DISTRIBUCIÓN, ETC.
Lugar de publicación, distribución, etc. [México] :
Nombre del editor, distribuidor, etc. [s. n.],
Fecha de publicación, distribución, etc. 19--
300 ## - DESCRIPCIÓN FÍSICA
Extensión 232 p.
500 ## - NOTA GENERAL
Nota general Disponible en la Colección Medina
650 #4 - ASIENTO SECUNDARIO DE MATERIA - TERMINO TEMATICO
Término de materia o nombre geográfico como elemento de entrada Español
Subdivisión general Gramática
-- Estudio y enseñanza (Elemental)
9 (RLIN) 13348
904 ## - ELEMENTOS DE DATOS D LOCAL, LDD (RLIN)
a AC
b 026385
905 ## - TIPO DE MATERIAL
Tipo de material Libro
Holdings
Estado de retiro Estado de pérdida Fuente del sistema de clasificación o colocación Estado dañado No para préstamo Código de colección Localización permanente Ubicación/localización actual Ubicación en estantería Fecha de adquisición Enumeración/cronología de publicación seriada Clasificación Código de barras Fecha visto por última vez Número de copia Tipo de ítem Koha
    Library of Congress Classification   Disponible (Préstamo en sala) Colección Medina Bib. Gregorio Torres Quintero Bib. Gregorio Torres Quintero Colecciones especiales Planta alta 30/01/2023 - LB1577 M6.2 M3.3a 101381 31/12/2020 1 Libro